|
|
|
|
| LEADER |
01510nam a2200385Ia 4500 |
| 001 |
EBC3050666 |
| 003 |
MiAaPQ |
| 005 |
20200520144314.0 |
| 006 |
m o d | |
| 007 |
cr cn||||||||| |
| 008 |
040310s2004 dcu sb 000 0 eng d |
| 020 |
|
|
|z 0821358375
|
| 035 |
|
|
|a (MiAaPQ)EBC3050666
|
| 035 |
|
|
|a (Au-PeEL)EBL3050666
|
| 035 |
|
|
|a (CaPaEBR)ebr10052951
|
| 035 |
|
|
|a (CaONFJC)MIL8541
|
| 035 |
|
|
|a (OCoLC)55536785
|
| 040 |
|
|
|a MiAaPQ
|c MiAaPQ
|d MiAaPQ
|
| 050 |
|
4 |
|a HC59.72.T4
|b I53 2004
|
| 082 |
0 |
4 |
|a 303.48/33/091724
|2 22
|
| 245 |
0 |
0 |
|a Innovation systems
|h [electronic resource] :
|b World Bank support of science and technology development /
|c Vinod K. Goel ... [et al.].
|
| 260 |
|
|
|a Washington, D.C. :
|b World Bank,
|c 2004.
|
| 300 |
|
|
|a viii, 107 p.
|
| 490 |
1 |
|
|a World Bank working paper ;
|v no. 32
|
| 504 |
|
|
|a Includes bibliographical references.
|
| 533 |
|
|
|a Electronic reproduction. Ann Arbor, MI : ProQuest, 2015. Available via World Wide Web. Access may be limited to ProQuest affiliated libraries.
|
| 650 |
|
0 |
|a Information technology
|x Finance
|z Developing countries.
|
| 650 |
|
0 |
|a Technology and state
|z Developing countries.
|
| 650 |
|
0 |
|a Science and state
|z Developing countries.
|
| 650 |
|
0 |
|a Economic development.
|
| 655 |
|
4 |
|a Electronic books.
|
| 700 |
1 |
|
|a Goel, Vinod Kumar,
|d 1961-
|
| 710 |
2 |
|
|a ProQuest (Firm)
|
| 830 |
|
0 |
|a World Bank working paper ;
|v no. 32.
|
| 856 |
4 |
0 |
|u https://ebookcentral.proquest.com/lib/matrademy/detail.action?docID=3050666
|z Click to View
|